Olympisches Fußballturnier 2021: Deutscher Kader - Statistiken

Allgemein
  • Dieses Quiz wurde 44 mal gespielt
  • Das Durchschnittsergebnis liegt bei 6 aus 18
Antwortstatistiken
Position Verein Spieler % Korrekt
Mittelfeld Wolfsburg Maximilian Arnold
66%
Abwehr Leipzig Benjamin Henrichs
53%
Abwehr Hoffenheim David Raum
53%
Tor Stuttgart Florian Müller
53%
Mittelfeld Hertha Arne Maier
44%
Sturm Union Max Kruse
44%
Abwehr Bielefeld Amos Pieper
41%
Abwehr Augsburg Felix Uduokhai
31%
Mittelfeld Fürth Anton Stach
28%
Sturm Frankfurt Ragnar Ache
28%
Abwehr Freiburg Keven Schlotterbeck
25%
Mittelfeld Leverkusen Nadiem Amiri
25%
Abwehr Hertha Jordan Torunarigha
19%
Mittelfeld Augsburg Marco Richter
19%
Sturm Union Cedric Teuchert
6%
Mittelfeld Bochum Eduard Löwen
6%
Tor Bremen Luca Plogmann
6%
Tor Yokohama FC Svend Brodersen
3%
Keine übereinstimmenden Quizze gefunden
Verteilung der Resultate
Anzahl Personen mit jedem Resultat
Perzentil nach korrekt beantworteten Fragen
Ihre Resultats-Entwicklung
Sie haben dieses Quiz noch nicht gespielt